|
|
|
|
| LEADER |
00000nam a22000007a 4500 |
| 005 |
20210531222135.0 |
| 007 |
cr|||| |||| |
| 008 |
210531s2020 es |||||s|||| 00||0 spa d |
| 020 |
|
|
|a 978-84-1377-308-7
|
| 035 |
|
|
|a 33712
|
| 040 |
|
|
|a vLex
|
| 090 |
|
|
|c 11769
|d 11769
|
| 100 |
1 |
|
|a Martn̕ez-Přez, Fernando
|
| 245 |
1 |
0 |
|a Posesin̤, dominio y Registro
|h [Recurso electrn̤ico] :
|b Constitucin̤ de la propiedad contemporǹea en Espaą (1861-1944) /
|c Fernando Martn̕ez-Přez
|
| 256 |
|
|
|a Servicio en ln̕ea
|
| 260 |
|
|
|a Madrid:
|b Dykinson,
|c 2020
|
| 300 |
|
|
|a 1 recurso electrn̤ico
|
| 500 |
|
|
|a Desde su aparicin̤ hasta la Posguerra Civil el moderno sistema hipotecario y registral espaǫl admiti ̤la inmatriculacin̤ de fincas mediante procedimientos y tt̕ulos meramente posesorios. Esta peculiaridad convirti ̤al primer Registro de la Propiedad en un “Registro de la posesin̤”. En este libro se sostiene la tesis de que la fortuna de esta va̕ de acceso al Registro se explica por su valor constituyente. Porque la posesin̤ registral fue herramienta para terminar de operar la transformacin̤ del viejo dominio dividido y vinculado en propiedad contemporǹea, mediante la identificacin̤ de quiňes debera̕n ser los nuevos propietarios entre los antiguos dueǫs. En el libro se demuestra la versatilidad y pluralidad de los mecanismos de inmatriculacin̤ posesoria, que sirvieron tanto a la polt̕ica desamortizadora, como a la conservacin̤ de la percepcin̤ de antiguas rentas seǫriales. Esta funcin̤ se desarroll ̤adems̀ en un tiempo de intenso debate sobre la naturaleza jurd̕ica de la posesin̤ y cuando todava̕ no se haba̕n acabado de enunciar los actuales principios de Derecho hipotecario.
|
| 506 |
1 |
|
|a Disponible solo en los productos indicados
|d vLex Global
|d vLex Global (Academic Edition, excluding Law Schools)
|d vLex Global (U.S. Academic Edition, Law Schools)
|d vLex Global (U.S. Academic Edition, excluding Law Schools)
|d vLex Global (Academic Edition, Law Schools)
|
| 650 |
0 |
4 |
|a Derecho Militar
|z Espaą
|
| 740 |
0 |
|
|a vLex Libros (Servicio en ln̕ea)
|
| 856 |
4 |
0 |
|u https://vlex.com/source/posesion-dominio-y-registro-constitucion-de-la-propiedad-contemporanea-en-espa-a-1861-1944--33712
|z Acceso restringido
|
| 942 |
|
|
|c BOOK
|
| 999 |
0 |
|
|a Military Law
|